000
00290nam a22001217a 4500
008
160425b xxu||||| |||| 00| 0 eng d
020
_a
9780721649252
020
_a
0721649254
041
_a
eng
080
_a
618.2
245
_a
Psychiatrica nursing:
_c
Margaret H. Brackley;
942
_2
udc
_c
BK
999
_c
1574
_d
1574